<?xml version="1.0" encoding="UTF-8"?><?xml-stylesheet type="text/xsl" href="static/style.xsl"?><OAI-PMH xmlns="http://www.openarchives.org/OAI/2.0/" xmlns:xsi="http://www.w3.org/2001/XMLSchema-instance" xsi:schemaLocation="http://www.openarchives.org/OAI/2.0/ http://www.openarchives.org/OAI/2.0/OAI-PMH.xsd"><responseDate>2026-04-29T12:24:17Z</responseDate><request verb="GetRecord" identifier="oai:repisalud.isciii.es:20.500.12105/27041" metadataPrefix="marc">https://repisalud.isciii.es/rest/oai/request</request><GetRecord><record><header><identifier>oai:repisalud.isciii.es:20.500.12105/27041</identifier><datestamp>2025-12-18T12:59:00Z</datestamp><setSpec>com_20.500.12105_6722</setSpec><setSpec>com_20.500.12105_2337</setSpec><setSpec>com_20.500.12105_2336</setSpec><setSpec>col_20.500.12105_7467</setSpec></header><metadata><record xmlns="http://www.loc.gov/MARC21/slim" xmlns:dcterms="http://purl.org/dc/terms/" xmlns:doc="http://www.lyncode.com/xoai" xmlns:xsi="http://www.w3.org/2001/XMLSchema-instance" xsi:schemaLocation="http://www.loc.gov/MARC21/slim http://www.loc.gov/standards/marcxml/schema/MARC21slim.xsd">
   <leader>00925njm 22002777a 4500</leader>
   <datafield ind2=" " ind1=" " tag="042">
      <subfield code="a">dc</subfield>
   </datafield>
   <datafield ind2=" " ind1=" " tag="720">
      <subfield code="a">Chatterjee, Allegra</subfield>
      <subfield code="e">author</subfield>
   </datafield>
   <datafield ind2=" " ind1=" " tag="720">
      <subfield code="a">Roy, Álvaro</subfield>
      <subfield code="e">author</subfield>
   </datafield>
   <datafield ind2=" " ind1=" " tag="720">
      <subfield code="a">García-Blázquez, Cristina</subfield>
      <subfield code="e">author</subfield>
   </datafield>
   <datafield ind2=" " ind1=" " tag="720">
      <subfield code="a">Cruz, Israel</subfield>
      <subfield code="e">author</subfield>
   </datafield>
   <datafield ind2=" " ind1=" " tag="720">
      <subfield code="a">Gomez-Barroso, Diana</subfield>
      <subfield code="e">author</subfield>
   </datafield>
   <datafield ind2=" " ind1=" " tag="720">
      <subfield code="a">Descalzo, Miguel Angel</subfield>
      <subfield code="e">author</subfield>
   </datafield>
   <datafield ind2=" " ind1=" " tag="720">
      <subfield code="a">Planelló, Rosario</subfield>
      <subfield code="e">author</subfield>
   </datafield>
   <datafield ind2=" " ind1=" " tag="720">
      <subfield code="a">Herrador, Zaida</subfield>
      <subfield code="e">author</subfield>
   </datafield>
   <datafield ind2=" " ind1=" " tag="260">
      <subfield code="c">2025-10-16</subfield>
   </datafield>
   <datafield ind2=" " ind1=" " tag="520">
      <subfield code="a">En este seminario, los ponentes Allegra Chatterjee y Álvaro Roy presentan un estudio retrospectivo basado en cuatro fuentes de información a nivel nacional sobre la escabiosis o sarna (atención primaria, hospitales, brotes y registro de enfermedades profesionales). Los objetivos del estudio son actualizar la situación epidemiológica de la sarna en España, monitorizar sus tendencias a lo largo del tiempo, identificar los grupos de población y las regiones más afectadas, así como detectar posibles factores de riesgo y generar hipótesis. Finalmente, se discuten las posibles causas del aumento observado de la enfermedad y se presentan los nuevos estudios y colaboraciones actualmente en marcha.</subfield>
   </datafield>
   <datafield ind1="8" ind2=" " tag="024">
      <subfield code="a">Chatterjee, Allegra; Roy, Álvaro; García-Blázquez, Cristina; Cruz, Israel; Gómez-Barroso, Diana; Descalzo, Miguel Ángel; Planelló, Rosario; Herrador, Zaida. Aumento de la incidencia de escabiosis en España entre 2011 y 2023: análisis retrospectivo de cuatro fuentes de información. Seminarios Centro Nacional de Epidemiología (ISCIII). 2025.</subfield>
   </datafield>
   <datafield ind1="8" ind2=" " tag="024">
      <subfield code="a">https://hdl.handle.net/20.500.12105/27041</subfield>
   </datafield>
   <datafield tag="653" ind2=" " ind1=" ">
      <subfield code="a">Sarna</subfield>
   </datafield>
   <datafield tag="653" ind2=" " ind1=" ">
      <subfield code="a">Escabiosis</subfield>
   </datafield>
   <datafield tag="653" ind2=" " ind1=" ">
      <subfield code="a">Incremento</subfield>
   </datafield>
   <datafield tag="653" ind2=" " ind1=" ">
      <subfield code="a">Incidencia</subfield>
   </datafield>
   <datafield tag="653" ind2=" " ind1=" ">
      <subfield code="a">España</subfield>
   </datafield>
   <datafield tag="653" ind2=" " ind1=" ">
      <subfield code="a">Salud pública</subfield>
   </datafield>
   <datafield ind2="0" ind1="0" tag="245">
      <subfield code="a">Aumento de la incidencia de escabiosis en España entre 2011 y 2023: análisis retrospectivo de cuatro fuentes de información</subfield>
   </datafield>
</record></metadata></record></GetRecord></OAI-PMH>